00374nam a22001217a 450000500170000000800410001708000150005810000230007324500550009626000580015130000080020965000350021720231102175012.0231016b2014 |||||||| |||| 00| 0 eng d a341.5bWIT aWithanage, Thushal aThe LLRC Report and international humanitarian law aColombo :bNational Peace Council of Sri Lanka,c2014 a28p aInternational humanitarian law